Statistics for MCR;Panic!;twenty one pilots album quiz

Click here to take the quiz!

General Stats

  • This quiz has been taken 21 times
  • The average score is 31 of 76

Answer Stats

HintAnswe% Correct
My Chemical Romance black parade 10 years album 2016The black parade/living with ghosts
86%
My Chemical Romance album 2006The black parade
86%
Singer for MCRGerard Way
81%
Panic! At The Disco album 2018Pray for the wicked
76%
Single from three cheers for sweet revengeHelena
76%
Single from the black paradeWelcome to the black parade
76%
Panic! At The Disco album 2005A fever you cant sweat out
76%
Panic! At The Disco album 2008Pretty. Odd.
76%
Panic! At The Disco album 2011Vices and virtues
76%
Singer for Panic!Brendon Urie
71%
Panic! At The Disco album 2016 | Single from Death of a bachelorDeath of a bachelor
71%
Single from BlurryfaceStressed out
67%
My Chemical Romance album 2004Three cheers for sweet revenge
67%
twenty one pilots album 2013Vessel
62%
twenty one pilots album 2015Blurryface
62%
twenty one pilots album 2018trench
62%
Singer for twenty one pilotsTyler Joseph
62%
Bassist for MCRMikey Way
57%
Single from three cheers for sweet revengeI'm not okay (I promise)
57%
Single from BlurryfaceRide
57%
Drummer for twenty one pilotsJosh Dun
57%
Single from the black paradeI don't love you
52%
Single from three cheers for sweet revengeThe ghost of you
52%
Single from the black paradeTeenagers
52%
Panic! At The Disco album 2013Too weird to live, too rare to die
52%
Single from the black paradeFamous last words
48%
Single from Pray for the wickedHigh hopes
48%
Single from danger daysSing
48%
Single from a fever you cant sweat outI write sins not tragedies
43%
Single from TrenchChlorine
43%
Rhythm Guitarist for MCRFrank Iero
43%
Single from BlurryfaceHeavydirtysoul
43%
twenty one pilots album 2009Twenty one pilots
43%
Single from TrenchJumpsuit
43%
Single from Too weird to live, Too rare to dieGirls/Girls/Boys
38%
Single from VesselHouse of gold
38%
twenty one pilots album 2011Regional at best
38%
Single from danger daysPlanetary (Go!)
38%
Single from TrenchNico and the niners
38%
Single from Too weird to live, Too rare to dieNicotine
33%
Single from Pretty. Odd.Northern Downpour
33%
Single from Pretty. Odd.Nine in the afternoon
33%
Single from Too weird to live, Too rare to dieThis is gospel
33%
Single from VesselCar radio
33%
Lead Guitarist for MCRRay Toro
33%
Single from Pray for the wickedHey look ma, I made it
29%
Single from TrenchMy blood
29%
Single from Death of a bachelorVictorious
29%
Single from BlurryfaceLane boy
29%
Single from BlurryfaceTear in my heart
29%
My Chemical Romance album 2002I brought you my bullets, you brought me your love
29%
Single from Too weird to live, Too rare to dieMiss Jackson
29%
My Chemical Romance compilation album 2013Conventional weapons
29%
Single from Vices and VirtuesThe ballad of mona lisa
29%
Drummer for MCR who left in 2010Bob Bryar
29%
Single from danger daysNa Na Na (Na Na Na Na Na Na Na Na Na)
29%
Single from VesselGuns for hands
24%
MY Chemical Romance album 2010Danger days:the true lives of the fabulous killjoys
24%
My Chemical Romance greatest hits album 2014May death never stop you
24%
Single from BlurryfaceFairly local
24%
Single from VesselFake you out
24%
Single from danger daysThe kids from yesterday
24%
Single from a fever you cant sweat outBut it's better if you do
19%
Single from Pray for the wickedSay amen (Saturday night)
19%
Single from Death of a bachelorEmperor's new clothes
19%
Single from VesselHolding on to you
14%
Single from a fever you cant sweat outLying is the most fun a girl can have without taking her clothes off
14%
Single from danger daysThe only hope for me is you
14%
Single from a fever you cant sweat outBuild god, then we'll talk
10%
Single from Pretty. Odd.Mad as rabbits
10%
Single from Pretty. Odd.That green gentleman (Things have changed)
10%
Single from Death of a bachelorHallelujah
10%
Single from Vices and VirtuesLet's kill tonight
5%
Single from Vices and VirtuesReady to go (Get me out of my mind)
5%
Single from a fever you can't sweat outThe Only Difference Between Martyrdom and Suicide Is Press Coverage
0%

Score Distribution

Percentile by Number Answered

Percent of People with Each Score

Your Score History

You have not taken this quiz